| 000 | 01660cam a22004457a 4500 | ||
|---|---|---|---|
| 001 | 000092583 | ||
| 003 | CHAP | ||
| 005 | 20220817043953.0 | ||
| 008 | 041119d2004 mx r 00110 spa d | ||
| 010 | _a89049 | ||
| 011 | _a90021 | ||
| 035 | _a100577 | ||
| 040 | _cCHAP | ||
| 090 | _aTesis | ||
| 100 | 0 | 0 |
_aMaldonado Camarillo, Diana _970083 |
| 245 | 1 | 0 |
_aAnálisis de la inocuidad alimentaria de fresa en fresco para exportación, al mercado estadounidense / _c/por Diana Maldonado Camarillo. |
| 260 |
_aChapingo, Méx. : _bEl autor, _c2004. |
||
| 300 |
_a89 h. ; : _bgráfs. ; mapas. |
||
| 502 | _aTesis (Lic. en Comercio Internacional de Productos Agropecuarios) -- UACH. División de Ciencias Económico Administrativas | ||
| 590 |
_aALEPH _b10 _c20130110 _lUCH01 _h1501 |
||
| 590 |
_aBATCH-UPD _b10 _c20130110 _lUCH01 _h0514 |
||
| 590 |
_aBATCH-UPD _b10 _c20130410 _lUCH01 _h0152 |
||
| 590 |
_aBATCH-UPD _b10 _c20130914 _lUCH01 _h0206 |
||
| 590 |
_aBATCH-UPD _b10 _c20140324 _lUCH01 _h1446 |
||
| 590 |
_aBATCH-UPD _b10 _c20141002 _lUCH01 _h0823 |
||
| 590 |
_aCONVERSION _b10 _c20130109 _lUCH01 _h1349 |
||
| 590 |
_aE12093SGE _b10 _c20130621 _lUCH01 _h1121 |
||
| 650 | 1 | 4 |
_aAlimentos _xCalidad. |
| 650 | 1 | 4 |
_aFresa _xCalidad. _943191 |
| 650 | 1 | 4 |
_aFresa _xExportación. _943206 |
| 650 | 1 | 4 |
_aFresa _xMercadeo. _943221 |
| 650 | 1 | 4 |
_aInocuidad alimentaria. _958836 |
| 856 |
_3Finding aid _uhttp://10.13.5.2/tesis/100577.pdf _zTeclea aquí |
||
| 901 | _aBK | ||
| 905 | _aAlejandra Carrasco M. | ||
| 942 | _cCD | ||
| 942 | _n0 | ||
| 949 |
_aTesis _bBC _cTES _d1005771 _eTS1 _h42659 _i100577 _sb |
||
| 949 |
_aTesis _bBC _cTES _d33724000796355 _eTS2 _fc.2 _h42660 _i100577 _si |
||
| 999 |
_c89049 _d89049 |
||